000 00729nam a2200241 a 4500
001 BRCA_7803
005 20190320210013.0
008 161013s1956----sz-a######---#000-0#ger-#
041 _ager
044 _asz
050 4 _aNK4527
_b.W97 1956
100 1 _aWyss, Robert L.
_918795
245 1 0 _aPorzellan und Fayence des 18. Jahrhunderts im Zunfthaus zur Meisen
_cRobert L. Wyss.
260 _aBerna, Suiza
_bP. Haupt
_cc1956
300 _a18 p.
_bil.
_c24 cm.
440 0 _aHochwachter - Bucherei
_v20
_919329
500 _aA la cabeza de la portada : Aus dem Schweizerisches Landesmuseum ; 7
500 _aX79
650 1 4 _aPorcelana suiza
_919330
650 1 4 _aPorcelana
_zZúrich
_919331
902 _aGFM
942 _2lcc
_cB
999 _c7477
_d7477